000 00225 a2200097 4500
001 8728
100 _aMuhammad Nijatullah Siddqui
245 _aGhair Sudi Bankari
260 _a
_bIslamic Bublications
_c
090 _c7031
_d7031
942 _aNUST-CAE
_cM
_c33636
999 _c243801
_d243801